Interpreting apocalyptic literature : (Record no. 9357)
[ view plain ]
| 000 -LEADER | |
|---|---|
| fixed length control field | 01450cam a2200289Ii 4500 |
| 001 - CONTROL NUMBER | |
| control field | 932169656 |
| 003 - CONTROL NUMBER IDENTIFIER | |
| control field | OCoLC |
| 005 - DATE AND TIME OF LATEST TRANSACTION | |
| control field | 20241126110710.0 |
| 008 - FIXED-LENGTH DATA ELEMENTS--GENERAL INFORMATION | |
| fixed length control field | 151212s2016 miu b 000 0 eng d |
| 020 ## - INTERNATIONAL STANDARD BOOK NUMBER | |
| International Standard Book Number | 9780825427619 |
| 020 ## - INTERNATIONAL STANDARD BOOK NUMBER | |
| International Standard Book Number | 0825427614 |
| 035 ## - SYSTEM CONTROL NUMBER | |
| System control number | (OCoLC)932169656 |
| 040 ## - CATALOGING SOURCE | |
| Original cataloging agency | BTCTA |
| Language of cataloging | eng |
| Description conventions | rda |
| Transcribing agency | BTCTA |
| Modifying agency | YDXCP |
| -- | BDX |
| -- | UAB |
| -- | OCLCO |
| -- | GGB |
| -- | OCLCF |
| -- | OCLCO |
| 082 ## - DEWEY DECIMAL CLASSIFICATION NUMBER | |
| Classification number | 220.046 |
| Item number | TAY |
| 092 ## - LOCALLY ASSIGNED DEWEY CALL NUMBER (OCLC) | |
| Classification number | 220.046 |
| Item number | T245I |
| 100 1# - MAIN ENTRY--PERSONAL NAME | |
| Personal name | Taylor, Richard A |
| 9 (RLIN) | 817 |
| 245 10 - TITLE STATEMENT | |
| Title | Interpreting apocalyptic literature : |
| Remainder of title | an exegetical handbook / |
| Statement of responsibility, etc. | Richard A. Taylor |
| 264 #1 - PRODUCTION, PUBLICATION, DISTRIBUTION, MANUFACTURE, AND COPYRIGHT NOTICE | |
| Place of production, publication, distribution, manufacture | Grand Rapids, MI : |
| Name of producer, publisher, distributor, manufacturer | Kregel Academic, |
| Date of production, publication, distribution, manufacture, or copyright notice | c2016 |
| 300 ## - PHYSICAL DESCRIPTION | |
| Extent | 205 pages ; |
| Dimensions | 23 cm |
| 490 1# - SERIES STATEMENT | |
| Series statement | Handbooks for Old Testament exegesis |
| 504 ## - BIBLIOGRAPHY, ETC. NOTE | |
| Bibliography, etc. note | Includes bibliographical references |
| 520 ## - SUMMARY, ETC. | |
| Summary, etc. | Taylor begins with a helpful introduction to the genre of apocalyptic literature; surveys its purpose, message, and primary themes in the Old Testament; and then discusses critical questions and key works for further study. He also provides guidelines for interpreting apocalyptic texts. Included are sample sermon texts from apocalyptic literature. Using texts from both Daniel and Joel, Taylor shows how to outline apocalyptic passages. - from back of book |
| 630 00 - SUBJECT ADDED ENTRY--UNIFORM TITLE | |
| Uniform title | Bible. |
| Name of part/section of a work | Old Testament |
| General subdivision | Criticism, interpretation, etc |
| 9 (RLIN) | 57 |
| 650 #0 - SUBJECT ADDED ENTRY--TOPICAL TERM | |
| Topical term or geographic name entry element | Apocalyptic literature |
| General subdivision | History and criticism |
| 9 (RLIN) | 16305 |
| 830 #0 - | |
| -- | Handbooks for Old Testament exegesis |
| -- | 14482 |
| 942 ## - ADDED ENTRY ELEMENTS (KOHA) | |
| Source of classification or shelving scheme | Dewey Decimal Classification |
| Koha item type | Books |
| Koha issues (borrowed), all copies | 5 |
| Withdrawn status | Lost status | Source of classification or shelving scheme | Damaged status | Not for loan | Home library | Current Library | Shelving location | Date acquired | Total checkouts | Full call number | Barcode | Date last seen | Date last checked out | Copy number | Price effective from | Koha item type |
|---|---|---|---|---|---|---|---|---|---|---|---|---|---|---|---|---|
| Dewey Decimal Classification | GRACE BIBLE COLLEGE | GRACE BIBLE COLLEGE | Biblical Studies | 2022-11-07 | 5 | 220.046 TAY | 015838 | 2025-05-01 | 2023-10-31 | c.1 | 2022-11-07 | Books |